Library of the University of Algiers 3
Ibrahim Sultan Cheibout
شعار جامعة الجزائر 3
مكتبة جامعة الجزائر 3
إبراهيم سلطان شيبوط

مسؤولية الناقل البحري : (رقم التسجيلة. 45998)

تفاصيل مارك
000 -LEADER
fixed length control field 01413nam a2200241Ia 4500
003 - CONTROL NUMBER IDENTIFIER
control field Ost
005 - DATE AND TIME OF LATEST TRANSACTION
control field 20260507075727.0
008 - FIXED-LENGTH DATA ELEMENTS--GENERAL INFORMATION
fixed length control field 260507s9999||||xx |||||||||||||| ||und||
020 ## - INTERNATIONAL STANDARD BOOK NUMBER
International Standard Book Number 205125177
040 ## - CATALOGING SOURCE
Transcribing agency fsecg
041 ## - LANGUAGE CODE
Language code of text/sound track or separate title ara
082 ## - DEWEY DECIMAL CLASSIFICATION NUMBER
Classification number 343.096
100 ## - MAIN ENTRY--PERSONAL NAME
Personal name يحي، سعيد
Relator term مؤلف
245 #0 - TITLE STATEMENT
Title مسؤولية الناقل البحري :
Remainder of title وفقا الاتفاقية الامم المتحدة لنقل البضائع بالبحر /
Statement of responsibility, etc. سعيد يحي
260 ## - PUBLICATION, DISTRIBUTION, ETC.
Place of publication, distribution, etc. الاسكندرية:
Name of publisher, distributor, etc. المكتب العربي الحديث,
Date of publication, distribution, etc. 2000
300 ## - PHYSICAL DESCRIPTION
Extent 177 صفحة؛
Dimensions 24 سم
520 ## - SUMMARY, ETC.
Summary, etc. تحليل الاحكام الخاصة بنوعية النقل مجال المسؤلية ،الاحكام الخاصة بنطاق تطبيق الاتفاقية ، الاحكام الخاصة بمدة المسؤلية الاحكام الخاصة بأساس المسؤلية ، تحليل الاحكام الخاصة بتحديد المسؤولية تحليل بعص الحالات في مسؤلية الناقل الاحكام الخاصة بالاخطارات ، الاحكام الخاصة بتقادم الدعاوى ، الاحكام الخاصة بالاختصاص ، الاحكام الخاصة بالتحكيم
653 ## - INDEX TERM--UNCONTROLLED
Uncontrolled term الإتفاقيات الدولية
653 ## - INDEX TERM--UNCONTROLLED
Uncontrolled term السلع
653 ## - INDEX TERM--UNCONTROLLED
Uncontrolled term القانون البحري
653 ## - INDEX TERM--UNCONTROLLED
Uncontrolled term النقل البحري
942 ## - ADDED ENTRY ELEMENTS (KOHA)
Koha item type كتب
المقتنيات
Withdrawn status Lost status Source of classification or shelving scheme Damaged status Not for loan Home library Current library Date acquired Serial enumeration / chronology Inventory number Total checkouts Full call number Barcode Date last seen Price effective from Koha item type
    Library of Congress Classification   NOT LOAN / إعارة داخلية مكتبة كلية العلوم الإقتصادية والعلوم التجارية وعلوم التسيير مكتبة كلية العلوم الإقتصادية والعلوم التجارية وعلوم التسيير 07/05/2026 الطابق الأرضي 1141/1   أ/1141ن1 1141/1 07/05/2026 07/05/2026 كتب
    Dewey Decimal Classification   Available مكتبة كلية العلوم الإقتصادية والعلوم التجارية وعلوم التسيير مكتبة كلية العلوم الإقتصادية والعلوم التجارية وعلوم التسيير 07/05/2026 الطابق الأرضي 1141/2   أ/1141ن2 1141/2 07/05/2026 07/05/2026 كتب
    Dewey Decimal Classification   Available مكتبة كلية العلوم الإقتصادية والعلوم التجارية وعلوم التسيير مكتبة كلية العلوم الإقتصادية والعلوم التجارية وعلوم التسيير 07/05/2026 الطابق الأرضي 1141/3   أ/1141ن3 1141/3 07/05/2026 07/05/2026 كتب
    Dewey Decimal Classification   Available مكتبة كلية العلوم الإقتصادية والعلوم التجارية وعلوم التسيير مكتبة كلية العلوم الإقتصادية والعلوم التجارية وعلوم التسيير 07/05/2026 الطابق الثاني 1141/4   أ/1141ن4 1141/4 07/05/2026 07/05/2026 كتب
    Dewey Decimal Classification   Available مكتبة كلية العلوم الإقتصادية والعلوم التجارية وعلوم التسيير مكتبة كلية العلوم الإقتصادية والعلوم التجارية وعلوم التسيير 07/05/2026 الطابق الثاني 1141/5   أ/1141ن5 1141/5 07/05/2026 07/05/2026 كتب

موارد الويب المفتوحة


© University of Algiers 3 All Rights Reserved
|
Implemented by LECHELAH Riad